Statistics for Towns beginning with Y: guess the country

Click here to take the quiz!

General Stats

  • This quiz has been taken 11 times
  • The average score is 14 of 20

Answer Stats

QuestionAnswer% Correct
YerevanArmenia
100%
YamoussoukroIvory Coast
100%
YarenNauru
100%
YaoundeCameroon
90%
YueyangChina
90%
YalokeCentral African Republic
80%
YaroiFiji
80%
YafranLibya
80%
Yucca ValleyUSA
80%
YalakotoGuinea
70%
YarimYemen
70%
YacuibaBolivia
60%
YazdIran
60%
YuluNicaragua
60%
YakimaUSA
60%
YallahsJamaica
50%
YifmSierra Leone
50%
YobokiDjibouti
40%
YantzazaEcuador
40%
YlakiaiLithuania
40%

Score Distribution

Percentile by Number Answered

Percent of People with Each Score

Your Score History

You have not taken this quiz